Catalog

Record Details

Catalog Search



Einstein's tutor : the story of Emmy Noether and ... Read More

Available copies

  • 1 of 1 copy available at LARL/NWRL Consortium.
  • 1 of 1 copy available at Northwest Regional Library. (Show)

Current holds

0 current holds with 1 total copy.

Show Only Available Copies
Location Call Number / Copy Notes Barcode Shelving Location Status Due Date
Warroad Public Library 921 NOE (Text) 35500006849226 Main Available -

Record details

  • ISBN: 9781541702950
  • ISBN: 1541702956
  • Physical Description: viii, 353 pages : illustrations, charts ; 25 cm
  • Edition: First edition.
  • Publisher: New York : PublicAffairs, 2024.

Content descriptions

Bibliography, etc. Note:
Includes bibliographical references and index.
Formatted Contents Note:
Intersecting paths -- Gravity -- The theorem -- ... Read More
Summary, etc.:
"Emmy Noether is one of the most important figures ... Read More
Subject: Noether, Emmy, 1882-1935 > Biography.
Mathematicians > Germany > Biography.
Women mathematicians > Germany > Biography.
Algebra.
Noether, Emmy, 1882-1935
Algebra
Mathematicians
Women mathematicians
Germany
Genre: Biographies
Biographies.
LDR 03825cam a2200625 i 4500
001456909
003LARL_NWRL_CONSORTIUM
00520250225141101.0
008240130t20242024nyuad b 001 0beng
010 . ‡a 2024001727
040 . ‡aDLC ‡beng ‡erda ‡cDLC ‡dOCLCO ‡dTOH ‡dOCLCO ‡dBIB ‡dWIM ‡dJHE ‡dOCLCO ‡dVP@ ‡dYDX ‡dIH9 ‡dYEQ ‡dYUS ‡dAUM ‡dS1C ‡dUIU ‡dLEB ‡dIUK
020 . ‡a9781541702950 ‡q(hardcover)
020 . ‡a1541702956 ‡q(hardcover)
020 . ‡z9781541702974 ‡q(ebook)
0248 . ‡a40032535520
035 . ‡a(OCoLC)1416696773
042 . ‡apcc
043 . ‡ae-gx---
08200. ‡a510.92 ‡aB ‡223/eng/20240130
1001 . ‡aPhillips, Lee ‡c(Computational physicist), ‡eauthor.
24510. ‡aEinstein's tutor : ‡bthe story of Emmy Noether and the invention of modern physics / ‡cLee Phillips.
250 . ‡aFirst edition.
264 1. ‡aNew York : ‡bPublicAffairs, ‡c2024.
264 4. ‡c©2024
300 . ‡aviii, 353 pages : ‡billustrations, charts ; ‡c25 cm
336 . ‡atext ‡btxt ‡2rdacontent
337 . ‡aunmediated ‡bn ‡2rdamedia
338 . ‡avolume ‡bnc ‡2rdacarrier
504 . ‡aIncludes bibliographical references and index.
520 . ‡a"Emmy Noether is one of the most important figures in the history of science and mathematics.. Noether's mathematical genius enabled Einstein to bring his General Theory of Relativity, the basis of our current theory of gravity, to fruition. On a larger scale, what came to be known as "Noether's Theorem" - called by a Nobel laureate "the single most profound result in all of physics" - supplied the basis for the most accurate theory in the history of physics, the Standard Model, which forms our modern theory of matter. Noether's Theorem is also the tool physicists use to guide them towards the holy grail of a unified theory and is the secret weapon wielded by researchers at the cutting edge of fields as diverse as robotics, quantum computing, economics, and biology. Noether's life story is equally important and revelatory in understanding the pernicious nature of sexual prejudice in the sciences, revealing the shocking discrimination against one of the true intellectual giants of the twentieth century, a woman effectively excluded from the institutions, perquisites, and fame given male counterparts in the world of science. Noether's personality and optimistic, generous spirit, as Lee Phillips reveals, enabled her unique genius to persevere and arrive at insights that still astonish those who encounter them a century later"-- ‡cProvided by publisher.
50500. ‡tIntersecting paths -- ‡tGravity -- ‡tThe theorem -- ‡tEmmy Noether gets a job -- ‡tThe purge -- ‡tEmmy Noether in America -- ‡tReawakening -- ‡tLegacy.
60010. ‡aNoether, Emmy, ‡d1882-1935 ‡vBiography.
650 0. ‡aMathematicians ‡zGermany ‡vBiography.
650 0. ‡aWomen mathematicians ‡zGermany ‡vBiography.
650 0. ‡aAlgebra. ‡0(LARL_NWRL_CONSORTIUM)13266
60017. ‡aNoether, Emmy, ‡d1882-1935 ‡2fast
650 7. ‡aAlgebra ‡2fast ‡0(LARL_NWRL_CONSORTIUM)13266
650 7. ‡aMathematicians ‡2fast ‡0(LARL_NWRL_CONSORTIUM)25280
650 7. ‡aWomen mathematicians ‡2fast ‡0(LARL_NWRL_CONSORTIUM)34729
651 7. ‡aGermany ‡2fast ‡0(LARL_NWRL_CONSORTIUM)4456
655 7. ‡aBiographies ‡2fast
655 7. ‡aBiographies. ‡2lcgft
901 . ‡a456909 ‡bAUTOGEN ‡c456909 ‡tbiblio

Additional Resources